[Event "38th TCh-GRE DivA"]
[Site "Peristeri GRE"]
[Date "2010.07.11"]
[Round "7"]
[White "Halkias,S"]
[Black "Nikolaou,G"]
[Result "1-0"]
[WhiteElo "2588"]
[BlackElo "2275"]

1.d4 Nf6 2.c4 g6 3.Nc3 Bg7 4.e4 d6 5.Nf3 O-O 6.Be2 Na6 7.O-O e5 8.Be3 Qe8
9.dxe5 dxe5 10.h3 Qe7 11.Nd5 Qd8 12.Qc2 c6 13.Nxf6+ Bxf6 14.c5 Nc7 15.Rad1 Qe7
16.Rd6 Be6 17.Rfd1 Rfd8 18.Qa4 a6 19.Qa5 Ne8 20.R6d2 Rxd2 21.Rxd2 Rd8 22.b3 Rxd2
23.Qxd2 Bg7 24.Ng5 Nc7 25.Qa5 h6 26.Nxe6 Nxe6 27.Qb6 Bf8 28.b4 Nd4 29.Bd3 Bg7
30.Qa7 Bf8 31.Qb8 Kh7 32.Qc8 Bg7 33.a4 Bf6 34.Qb8 Kg7 35.Kh1 Bg5 36.Bxd4 exd4
37.Qg3 Bh4 38.Qf3 Qf6 39.Qxf6+ Bxf6 40.g3 Be7 41.a5 Bg5 42.f4 Bd8 43.Kg2 g5
44.e5 gxf4 45.gxf4 Bh4 46.Kf1 Kf8 47.Bf5 Bg3 48.Ke2 Bxf4 49.Kd3 Bxe5 50.Bc8 Ke7
51.Bxb7 Kd7 52.Bxa6 Kc7 53.Bc4 Bg3 54.Kd2 Bf4+ 55.Kc2 Bg3 56.Bd3 Be1 57.Kb3 Bd2
58.Kc4 Be1 59.Be4 Kb7 60.Kb3 h5 61.Ka4 Kc7 62.a6 Bf2 63.Kb3 h4 64.Kc4 Be1
65.a7 Kb7 66.Bxc6+ Kxa7 67.b5 Bf2 68.Be4 Kb8 69.b6 Bg1 70.Kb5 Bf2 71.Kc6 d3
72.Bxd3 Be3 73.Kb5 Bf4 74.c6 Bg3 75.Bf5 Bf4 76.Kc4 Bg3 77.Kd3 Bd6 78.Ke4 Bg3
79.Kf3  1-0

[Event "1st Open"]
[Site "Vaujany FRA"]
[Date "2010.07.12"]
[Round "3"]
[White "Brunner,N"]
[Black "Vovk,Y"]
[Result "1-0"]
[WhiteElo "2451"]
[BlackElo "2561"]

1.d4 Nf6 2.c4 g6 3.Nc3 Bg7 4.e4 d6 5.Nf3 O-O 6.Be2 e5 7.O-O Na6 8.Be3 c6
9.dxe5 dxe5 10.Qxd8 Rxd8 11.h3 Re8 12.a3 Nh5 13.c5 Be6 14.Rfd1 Nf4 15.Bf1 Bb3
16.Rd7 Ne6 17.Bxa6 bxa6 18.Nd2 Reb8 19.Rd6 Nd4 20.Nxb3 Rxb3 21.Bxd4 exd4
22.Na4 d3 23.Rd1 Bxb2 24.Nxb2 Rxb2 25.R1xd3 Re8 26.Rf3 Rb7 27.Rxc6 Rxe4 28.Rc8+ Kg7
29.c6 Rb5 30.Rc7 Rf5 31.Rxf5 gxf5 32.Rxa7 Ra4 33.Ra8 Rc4 34.Rxa6 f4 35.Kf1  1-0

[Event "Int ch-SVK OpenA"]
[Site "Banska Stiavnica SVK"]
[Date "2010.07.13"]
[Round "4"]
[White "Odnorozhenko,E"]
[Black "Ivekovic,Bo2"]
[Result "1/2-1/2"]
[WhiteElo "2343"]
[BlackElo "2115"]

1.d4 Nf6 2.c4 g6 3.Nc3 Bg7 4.e4 d6 5.Nf3 O-O 6.Be2 e5 7.d5 a5 8.Bg5 Na6 9.Nd2 Qe8
10.O-O h6 11.Bh4 Nh7 12.a3 f5 13.f3 Bd7 14.Rb1 f4 15.b4 axb4 16.axb4 Rf7
17.Qb3 Bf8 18.Bf2 g5 19.c5 dxc5 20.Bxa6 cxb4 21.Bxb7 Ra3 22.Qd1 Rxc3 23.Ba6 Nf6
24.Qe2 Rg7 25.Kh1 h5 26.Rfe1 g4 27.Bh4 gxf3 28.gxf3 Bh3 29.Rg1 Nh7 30.Nc4 b3
31.Rxg7+ Bxg7 32.Rg1 Rc2 33.Qd3 Qa4 34.Nd2 Rxd2 35.Qxd2 Qxa6 36.Qc3 Qe2 37.Qxb3 Kh8
38.Qc3 Nf8 39.Qb3 Nd7 40.Be7 h4 41.Qa3 Kh7 42.Qc3 Kh8 43.Qa3 Kh7  1/2-1/2

[Event "ZDMI Open"]
[Site "Dresden GER"]
[Date "2010.07.13"]
[Round "4"]
[White "Grohde,W"]
[Black "Jojua,D"]
[Result "1/2-1/2"]
[WhiteElo "2119"]
[BlackElo "2530"]

1.d4 Nf6 2.c4 g6 3.Nc3 Bg7 4.e4 d6 5.Nf3 O-O 6.Be2 Nbd7 7.O-O e5 8.Qc2 c6
9.d5 c5 10.Bg5 h6 11.Bd2 Nh5 12.g3 Ndf6 13.Nh4 Bg4 14.Bxg4 Nxg4 15.f3 Ngf6
16.Ng2 Nd7 17.g4 Nhf6 18.Ne2 Rb8 19.a4 Ne8 20.Ng3 Nc7 21.h4 Na6 22.Ra3 Nb4
23.Qc1 Kh7 24.h5 a5 25.Kf2 g5 26.Nf5 Nb6 27.Ke2  1/2-1/2

[Event "Open A"]
[Site "Oberwart AUT"]
[Date "2010.07.13"]
[Round "1"]
[White "Karall,L"]
[Black "Veszpremi,A"]
[Result "0-1"]
[WhiteElo "1964"]
[BlackElo "2272"]

1.d4 Nf6 2.Nf3 g6 3.c4 Bg7 4.Nc3 O-O 5.e4 d6 6.Be2 e5 7.O-O exd4 8.Nxd4 Nc6
9.Bg5 Nxd4 10.Qxd4 Nxe4 11.Nxe4 Bxd4 12.Bxd8 Rxd8 13.Rab1 Bf5 14.Bf3 Re8
15.Rfe1 Bg7 16.g4 Bd7 17.b4 Re5 18.Ng3 Rae8 19.Rxe5 Rxe5 20.a4 b6 21.b5 Be6
22.Be2 Bh6 23.Rb2 f5 24.h3 Kf8 25.Kg2 Bf4 26.gxf5 gxf5 27.Nh5 Bh6 28.Bd3 f4
29.Nf6 Bg7 30.Nxh7+ Kg8 31.h4 Bf5 32.Bxf5 Rxf5 33.Re2  0-1

[Event "5th Nana Aleksandria Cup"]
[Site "Poti GEO"]
[Date "2010.07.13"]
[Round "3"]
[White "Lomineishvili,M"]
[Black "Bibilashvili,L"]
[Result "1-0"]
[WhiteElo "2370"]
[BlackElo "2001"]

1.d4 Nf6 2.c4 g6 3.Nc3 Bg7 4.e4 d6 5.Nf3 O-O 6.Be2 Nbd7 7.O-O e5 8.h3 Re8
9.d5 a5 10.Be3 b6 11.Nd2 Nc5 12.a3 a4 13.Bxc5 bxc5 14.Nxa4 Bh6 15.Nc3 Rb8
16.Rb1 Nd7 17.Nb5 f5 18.Na7 Bb7 19.Nc6 Bxc6 20.dxc6 Nf8 21.Bd3 Bxd2 22.Qxd2 f4
23.b4 Ne6 24.Be2 Ra8 25.Ra1 Nd4 26.Bg4 Kh8 27.Bd7 Nb3 28.Qc3 Nxa1 29.Bxe8 Qxe8
30.b5 Nc2 31.Qxc2 Rxa3 32.Qb2 Ra4 33.Ra1 Rxa1+ 34.Qxa1 f3 35.gxf3 Qf8 36.b6 cxb6
37.c7 Kg7 38.Qa6 Qxf3 39.Qxb6 Qd1+ 40.Kg2  1-0

[Event "29th Jacques Lemans Open"]
[Site "St Veit SUI"]
[Date "2010.07.13"]
[Round "4"]
[White "Schmidlechner,A"]
[Black "Schein,KH"]
[Result "1-0"]
[WhiteElo "2170"]
[BlackElo "2249"]

1.d4 Nf6 2.c4 g6 3.Nc3 Bg7 4.e4 d6 5.Nf3 O-O 6.Be2 Nbd7 7.O-O e5 8.Be3 Ng4
9.Bg5 f6 10.Bc1 Nh6 11.Be3 Ng4 12.Bc1 Nh6 13.dxe5 dxe5 14.h3 c6 15.Be3 Qe7
16.Qc2 Nf7 17.Rab1 Rd8 18.Rfd1 Nf8 19.c5 Ne6 20.b4 Nf4 21.Rxd8+ Nxd8 22.Bf1 Be6
23.Ne2 Nxe2+ 24.Bxe2 Nf7 25.b5 cxb5 26.Rxb5 Rc8 27.Qb1 Nd8 28.Nd2 Qf7 29.Ra5 Nc6
30.Ra4 Bf8 31.Nc4 Rd8 32.Na5 Nd4 33.Bxd4 Rxd4 34.Rxd4 exd4 35.Nxb7 Qc7 36.Qb5 Bxa2
37.c6 Bf7 38.Bc4 Bxc4 39.Qxc4+ Kg7 40.Qd5 Kh6 41.Nd8 Be7 42.Ne6 Qb6 43.c7 Bd6
44.g4 Bxc7 45.g5+ Kh5 46.gxf6+ Kh4 47.Qg5+ Kxh3 48.Qh6+ Kg4 49.Kg2 Qb3 50.Qg5+  1-0

[Event "2nd Open"]
[Site "Rethymno GRE"]
[Date "2010.07.14"]
[Round "2"]
[White "David,Alb"]
[Black "Paulet,I"]
[Result "1-0"]
[WhiteElo "2565"]
[BlackElo "2261"]

1.d4 Nf6 2.c4 g6 3.Nc3 Bg7 4.e4 d6 5.Nf3 O-O 6.Be2 e5 7.Be3 Ng4 8.Bg5 f6
9.Bh4 g5 10.Bg3 Nh6 11.dxe5 fxe5 12.h4 g4 13.Nh2 Be6 14.Nd5 Qd7 15.Ne3 Qc6
16.Nhxg4 Qxe4 17.Bf3 Qd4 18.Nxh6+ Bxh6 19.Qxd4 exd4 20.Bxb7 dxe3 21.Bxa8 c6
22.Rd1 Bxc4 23.Rxd6 Re8 24.Rxh6  1-0

[Event "ZDMI Open"]
[Site "Dresden GER"]
[Date "2010.07.15"]
[Round "6"]
[White "Kretschmer,W"]
[Black "Mueller,Pete2"]
[Result "0-1"]
[WhiteElo "1966"]
[BlackElo "2013"]

1.d4 Nf6 2.c4 g6 3.Nc3 Bg7 4.Nf3 O-O 5.e4 d6 6.Be2 Nbd7 7.O-O e5 8.d5 Ne8
9.Ne1 f5 10.f3 Ndf6 11.Be3 f4 12.Bf2 Nh5 13.Nd3 Qg5 14.Re1 Ng3 15.Qd2 Nxe2+
16.Qxe2 Bh3 17.Qf1 Bd7 18.Rec1 Qe7 19.c5 g5 20.b4 h5 21.b5 g4 22.c6 bxc6
23.bxc6 Bc8 24.Rab1 Ba6 25.Nb5 Qg5 26.Be1 Rf7 27.Kh1 Nf6 28.Rc2 h4 29.a4 Nh5
30.Qg1 Bf6 31.h3 Ng3+ 32.Bxg3 hxg3 33.fxg4 Bc8 34.Qd1 Qh4 35.Ne1 Rg7 36.Nf3 Qh7
37.Kg1 Qxe4 38.Re2 Qg6 39.Nc3 Rh7 40.Ne4 Kf7 41.Qc2 Kg7 42.Rb4 Rh8 43.a5 Qh7
44.Nxf6 Qxc2 45.Rxc2 Kxf6 46.Rb7 e4 47.Nd4 a6 48.Rxc7 Ke5 49.Ne6 Rb8 50.Rc1 Rb5
51.Ng5 Kxd5 52.Rd1+ Kc4 53.Nxe4 Rd8 54.Kf1 d5 55.Rd7 Bxd7 56.Nd6+ Kc5 57.Nxb5 Bxc6
58.Nc7 Rd6 59.Rc1+ Kd4 60.Ke1 Bb5 61.Nxb5+ axb5 62.Ra1 Re6+ 63.Kd2 Ra6 64.g5 Ke4
65.h4 Kf5  0-1

[Event "Open"]
[Site "Antakya TUR"]
[Date "2010.07.16"]
[Round "2"]
[White "Sahin,S"]
[Black "Abbasov,F"]
[Result "0-1"]
[WhiteElo "1953"]
[BlackElo "2549"]

1.Nf3 Nf6 2.c4 g6 3.Nc3 Bg7 4.e4 d6 5.d4 O-O 6.Be2 e5 7.Bg5 h6 8.Bh4 exd4
9.Nxd4 c6 10.f3 Re8 11.Qd2 Nxe4 12.Nxe4 Qxh4+ 13.g3 Qe7 14.O-O-O Na6 15.Rhe1 Nc5
16.Bf1 Nxe4 17.Rxe4 Qf8 18.Rxe8 Qxe8 19.Re1 Qd8 20.f4 Bd7 21.Ne2 Be6 22.Nd4 Bd7
23.Ne2 Qb6 24.Nc3 Rd8 25.Ne4 h5 26.h3 Bf5 27.Nc3 d5 28.cxd5 cxd5 29.g4 Bxc3
30.Qxc3 Rc8 31.gxf5 Rxc3+ 32.bxc3 Qf2  0-1

[Event "Corporation Centre Cup"]
[Site "Izhevsk RUS"]
[Date "2010.07.16"]
[Round "2"]
[White "Skomorokhin,R"]
[Black "Shurunov,Ar"]
[Result "1/2-1/2"]
[WhiteElo "2436"]
[BlackElo "2149"]

1.d4 Nf6 2.c4 g6 3.Nc3 Bg7 4.e4 O-O 5.Nf3 d6 6.Be2 Nbd7 7.O-O e5 8.Re1 c6
9.Bf1 Qc7 10.Rb1 a5 11.b3 Re8 12.d5 Nc5 13.a3 Bg4 14.b4 axb4 15.axb4 Ncd7
16.h3 Bxf3 17.Qxf3 c5 18.Nb5 Qb8 19.Bg5 cxb4 20.Rxb4 Rc8 21.Reb1 h6 22.Be3 Nc5
23.Nc3 Nfd7 24.h4 Rf8 25.h5 f5 26.hxg6 Qe8 27.Qh5 f4 28.Bxc5 Nxc5 29.Be2 Rf6
30.Nb5 Qe7 31.Bf3 Bf8 32.Bg4 Ra2 33.Bf5 Qd8 34.Qh4 Bg7 35.Nc3 Ra3 36.Nb5 Ra2
37.Nc3 Ra3 38.Nb5 Ra2  1/2-1/2

[Event "Open A"]
[Site "Oberwart AUT"]
[Date "2010.07.16"]
[Round "4"]
[White "Danner,G"]
[Black "Nickl,K"]
[Result "1-0"]
[WhiteElo "2418"]
[BlackElo "2162"]

1.d4 Nf6 2.Nf3 g6 3.c4 Bg7 4.Nc3 d6 5.e4 O-O 6.Be2 e5 7.d5 a5 8.O-O Na6 9.Ne1 Bd7
10.Nd3 b6 11.Be3 h5 12.h3 Nh7 13.Qd2 Nc5 14.Nxc5 bxc5 15.a4 f5 16.exf5 gxf5
17.f4 h4 18.fxe5 Bxe5 19.Bf4 Bd4+ 20.Kh1 Qf6 21.Ra3 Kh8 22.Rb3 Rab8 23.Nb5 Bxb5
24.cxb5 Ra8 25.Bc4 Be5 26.b6 cxb6 27.Rxb6 Rfb8 28.Bxe5 Qxe5 29.Rxb8+ Rxb8
30.b3 Ra8 31.Bd3 Rf8 32.Qxa5 Qxd5 33.Qc3+  1-0

[Event "29th Jacques Lemans Open"]
[Site "St Veit SUI"]
[Date "2010.07.16"]
[Round "7"]
[White "Piber,Vink"]
[Black "Winiwarter,F"]
[Result "0-1"]
[WhiteElo "1862"]
[BlackElo "2154"]

1.d4 Nf6 2.c4 g6 3.Nc3 Bg7 4.Nf3 O-O 5.e4 d6 6.Be2 e5 7.dxe5 dxe5 8.Qxd8 Rxd8
9.Bg5 Re8 10.O-O c6 11.Rad1 Nbd7 12.b4 Bf8 13.a3 a5 14.c5 axb4 15.axb4 h6
16.Be3 Ng4 17.Bd2 b6 18.h3 Ngf6 19.cxb6 Nxb6 20.b5 Bb7 21.bxc6 Bxc6 22.Bb5 Rac8
23.Be3 Bxb5 24.Nxb5 Nc4 25.Nd2 Nxd2 26.Rxd2 Nxe4 27.Rd3 f5 28.f3 Nc5 29.Rd5 f4
30.Bf2 e4 31.Nd6 e3 32.Be1 Red8 33.Nxc8 Rxd5 34.Nb6 Rd1 35.Bc3 e2 36.Re1 Nd3  0-1

[Event "Canadian Open"]
[Site "Toronto CAN"]
[Date "2010.07.16"]
[Round "7"]
[White "Friedel,J"]
[Black "Itkin,David"]
[Result "1-0"]
[WhiteElo "2527"]
[BlackElo "1781"]

1.d4 Nf6 2.c4 g6 3.Nc3 Bg7 4.e4 d6 5.Nf3 O-O 6.Be2 e5 7.Be3 Nc6 8.d5 Ne7
9.Nd2 Nd7 10.b4 f5 11.f3 f4 12.Bf2 g5 13.c5 Nf6 14.Nc4 Ne8 15.a4 Bd7 16.Qb3 h5
17.b5 g4 18.Na5 gxf3 19.Bxf3 Bg4 20.Nxb7 Qc8 21.c6 Bxf3 22.gxf3 Qh3 23.Ke2 Ng6
24.Qd1 Nh4 25.Bxh4 Qxh4 26.Qe1 Bf6 27.Qxh4 Bxh4 28.a5 Kh7 29.Rhg1 Rg8 30.Rxg8 Kxg8
31.Ra4 Be7 32.b6 axb6 33.axb6 Rxa4 34.Nxa4 cxb6 35.Nxb6 Kf7 36.Na8  1-0

[Event "Int ch-SVK OpenA"]
[Site "Banska Stiavnica SVK"]
[Date "2010.07.17"]
[Round "8"]
[White "Hlas,J"]
[Black "Kriebel,T"]
[Result "1/2-1/2"]
[WhiteElo "2224"]
[BlackElo "2320"]

1.d4 Nf6 2.c4 g6 3.Nc3 Bg7 4.e4 O-O 5.Nf3 d6 6.Be2 e5 7.d5 a5 8.Bg5 h6 9.Bh4 Na6
10.Nd2 Qe8 11.a3 Bd7 12.b3 Nh7 13.f3 h5 14.Rb1 Bh6 15.Bf2 Nc5 16.b4 axb4
17.axb4 Na4 18.Qc2 Nxc3 19.Qxc3 Qe7 20.Be3 Bxe3 21.Qxe3 Ra2 22.O-O Qg5 23.f4 exf4
24.Rxf4 Qe5 25.Rf2 Nf6 26.Rbf1 Rxd2 27.Rxf6 Qd4 28.Qxd4 Rxd4 29.c5 dxc5 30.bxc5 Kg7
31.d6 Rxe4 32.Bd3 Re6 33.Rxe6 Bxe6 34.dxc7 Rc8 35.Be4 Rxc7 36.Rb1 Bc8 37.Rb5 Re7
38.Bf3 Kf8 39.h4 Ke8 40.c6 bxc6 41.Bxc6+ Kd8 42.Bf3 Rc7 43.Rb4 Ke7 44.Kf2 Kf6
45.Kg3 Be6 46.Ra4 Rc5 47.Rb4 Ke5 48.Rf4 Bf5 49.Rb4 Bc2 50.Rb6 Bd3 51.Rb8 Bc4
52.Rb6 Be6 53.Rb4 f6 54.Re4+ Kd6 55.Rd4+ Ke7 56.Rb4 Kd6 57.Rd4+ Bd5 58.Bxd5 Rxd5
59.Re4 Rd3+ 60.Kf2 Kd5 61.Re8 Rd4 62.g3 Kd6 63.Rg8 Rg4 64.Re8 Kd7 65.Re1 Ra4
66.Kf3 Kd6 67.Re8 Kd7 68.Rb8 Ra5 69.Rb6 Ke7 70.Rc6 Ra3+ 71.Kf4 Ra4+ 72.Kf3 Rd4
73.Ra6 Rd6 74.Ra8 Rb6 75.Kf4 Rc6 76.Rb8 Rc4+ 77.Kf3 Ke6 78.Rb6+ Ke5 79.Rb5+ Kd4
80.Kf4 Rc5 81.Rb4+ Kd5 82.Kf3 Rc3+ 83.Kf2 Ke5 84.Rb5+ Ke4 85.Rb4+ Kf5 86.Rf4+ Ke5
87.Ra4 Rd3 88.Kg2 Rd4 89.Ra5+ Ke4 90.Ra6 Kf5 91.Kh3 Re4 92.Ra5+ Re5 93.Ra8 Re6
94.Ra5+ Re5 95.Ra4 Rd5 96.Rf4+ Ke5 97.Ra4 Rd2 98.Ra5+ Ke4 99.Ra4+ Ke3 100.Ra1 Kf2
101.Ra5 Re2 102.Kh2 Kf3+ 103.Kh3 Re4 104.Ra3+ Re3 105.Ra6 f5 106.Rxg6 Re1
107.Kh2 Re2+ 108.Kh3 Re1  1/2-1/2

[Event "Sparkassen Open A"]
[Site "Dortmund GER"]
[Date "2010.07.17"]
[Round "1"]
[White "Henkemeier,Mi"]
[Black "Bub,V"]
[Result "1-0"]
[WhiteElo "1922"]
[BlackElo "2193"]

1.d4 g6 2.c4 Bg7 3.Nc3 Nf6 4.e4 d6 5.Nf3 O-O 6.Be2 Nbd7 7.O-O e5 8.d5 Nc5
9.Qc2 a5 10.Be3 Na6 11.a3 h6 12.Qd2 Ng4 13.b4 f5 14.h3 Nxe3 15.fxe3 Bd7 16.Rab1 axb4
17.axb4 g5 18.exf5 Bxf5 19.Bd3 Qd7 20.Bxf5 Rxf5 21.Ne4 b6 22.Ng3 Rf7 23.e4 g4
24.Nh4 Raf8 25.Nhf5 gxh3 26.Nh5 h2+ 27.Kxh2 Rxf5 28.exf5 Rxf5 29.Ng3 Rg5
30.Ne4 Rh5+ 31.Kg1 Qg4 32.Qf2 Qf4 33.Qxf4 exf4 34.Rxf4 Bd4+ 35.Nf2 Be3 36.Re4 Bd2
37.Nd3 Rg5 38.Re8+ Kf7 39.Ra8 Rg3 40.Rxa6 Rxd3 41.Ra7 Be3+ 42.Kf1 Rd2 43.Rb3 Bd4
44.Rf3+ Kg6 45.Rxc7 Rb2 46.Rc6 Rxb4 47.Rxd6+ Kg5 48.Rc6 Rb1+ 49.Ke2 Bc5 50.Rd3 Rb2+
51.Rd2 Rb4 52.d6 Rxc4 53.Rxc5+ Rxc5 54.d7 Re5+ 55.Kf2  1-0

[Event "Sparkassen Open A"]
[Site "Dortmund GER"]
[Date "2010.07.17"]
[Round "1"]
[White "Bluebaum,M"]
[Black "Hecht,C"]
[Result "1-0"]
[WhiteElo "2098"]
[BlackElo "1773"]

1.d4 Nf6 2.c4 g6 3.Nc3 Bg7 4.e4 d6 5.Nf3 O-O 6.Be2 e5 7.Be3 Ng4 8.Bg5 f6
9.Bc1 Nc6 10.d5 Ne7 11.h3 Nh6 12.h4 Nf7 13.h5 f5 14.hxg6 Nxg6 15.Qc2 f4 16.Bd2 Ng5
17.Nxg5 Qxg5 18.Rh2 b6 19.O-O-O Qf6 20.Rdh1 h6 21.Bh5 Kh7 22.Kb1 a6 23.Qc1 Ne7
24.g3 fxg3 25.fxg3 Ng8 26.g4 Qf3 27.g5 Qd3+ 28.Ka1 Qxc4 29.g6+ Kh8 30.Be2 Qc5
31.Be3 Qb4 32.Bxh6 Nxh6 33.Rxh6+ Kg8 34.Rh8+ Bxh8 35.Rxh8+ Kg7 36.Qh6+  1-0

[Event "Corporation Centre Cup"]
[Site "Izhevsk RUS"]
[Date "2010.07.17"]
[Round "3"]
[White "Savina,A"]
[Black "Fedorov,Alex"]
[Result "0-1"]
[WhiteElo "2392"]
[BlackElo "2616"]

1.d4 Nf6 2.c4 g6 3.Nc3 Bg7 4.e4 d6 5.Be2 O-O 6.Nf3 e5 7.O-O Nbd7 8.Be3 Re8
9.d5 Nh5 10.g3 Bf8 11.Ne1 Ng7 12.Nd3 f5 13.f3 a5 14.a3 Nc5 15.Nxc5 dxc5 16.g4 f4
17.Bf2 h5 18.h3 Be7 19.Na4 b6 20.b4 cxb4 21.c5 bxc5 22.Nxc5 bxa3 23.Rxa3 hxg4
24.fxg4 Rf8 25.Qb3 Kh7 26.Rfa1 Bh4 27.Qb2 Bxf2+ 28.Kxf2 Qe7 29.Qc2 Ne8 30.Kg2 Nd6
31.Rxa5 Rxa5 32.Rxa5 Nf7 33.Ra7 Qh4 34.Qc3 Ng5 35.Rxc7+ Kh6 36.Qxe5 f3+ 37.Kf1 fxe2+
38.Kxe2 Qf2+ 39.Kd3 Qf1+ 40.Kc2 Qc4+  0-1

[Event "Open A"]
[Site "Oberwart AUT"]
[Date "2010.07.17"]
[Round "5"]
[White "Steiner,Pete"]
[Black "Seifert,Mi"]
[Result "0-1"]
[WhiteElo "2018"]
[BlackElo "2172"]

1.e4 g6 2.d4 Bg7 3.c4 d6 4.Nc3 Nf6 5.Nf3 O-O 6.Be2 Nbd7 7.O-O e5 8.d5 a5
9.Ne1 Nc5 10.Qc2 Bd7 11.b3 Qe8 12.Bg5 Kh8 13.f3 Nh5 14.Nb5 Bxb5 15.cxb5 Nf4
16.Bc4 f6 17.Bh4 h5 18.Nd3 Ncxd3 19.Bxd3 Rc8 20.Be1 b6 21.a4 Bh6 22.Bf2 Qd7
23.Ra2 g5 24.Qd1 g4 25.fxg4 Rg8 26.Be2 Qh7 27.Qb1 Rg7 28.Kh1 Rcg8 29.Bf3 hxg4
30.Bd1 Rg5 31.Be1 Nh5 32.g3 R5g6 33.Qd3 Bg5 34.Bxg4 Qh6 35.Bf5 R6g7 36.Be6 Rf8
37.Rf3 Bc1 38.Raf2 Bg5 39.Qf1 Qg6 40.Bf5 Qh6 41.Qh3 Re7 42.Bg4 Rh7 43.Bxh5 Qxh5
44.Qxh5 Rxh5 45.Rf5 Kg7 46.Bd2 Kg6 47.g4 Rh4 48.Bxg5 Rxg4 49.Bxf6 Rxe4 50.Rg2+ Kxf5
51.Bh4  0-1

[Event "2nd Open"]
[Site "Rethymno GRE"]
[Date "2010.07.17"]
[Round "6"]
[White "Rychagov,A"]
[Black "Khotenashvili,B"]
[Result "1/2-1/2"]
[WhiteElo "2538"]
[BlackElo "2423"]

1.d4 Nf6 2.c4 g6 3.Nf3 Bg7 4.Nc3 O-O 5.e4 d6 6.Be2 e5 7.Be3 Ng4 8.Bg5 f6
9.Bc1 Nc6 10.d5 Nd4 11.h3 Nxe2 12.Qxe2 Nh6 13.Bd2 c5 14.g4 Nf7 15.O-O-O a6
16.Rdg1 Bh6 17.Bxh6 Nxh6 18.Ne1  1/2-1/2

[Event "2nd Open"]
[Site "Rethymno GRE"]
[Date "2010.07.17"]
[Round "6"]
[White "Werle,J"]
[Black "Markidis,K"]
[Result "1-0"]
[WhiteElo "2585"]
[BlackElo "2342"]

1.d4 Nf6 2.c4 g6 3.Nc3 Bg7 4.e4 d6 5.Nf3 O-O 6.Be2 e5 7.O-O Na6 8.Re1 Qe8
9.Bf1 Bg4 10.d5 Nb4 11.Be2 a5 12.Rb1 Na6 13.h3 Bd7 14.Nd2 Bh6 15.Nf1 Bxc1
16.Qxc1 Kg7 17.b3 Nc5 18.Ng3 Qe7 19.a3 h6 20.b4 axb4 21.axb4 Na4 22.Nd1 Nh7
23.Ne3 Qg5 24.Bg4 Bxg4 25.hxg4 Kg8 26.Ra1 Nf6 27.Qc2 Nb6 28.c5 dxc5 29.bxc5 Nbd7
30.c6 bxc6 31.dxc6 Nb6 32.Qc5 Rfe8 33.Rxa8 Rxa8 34.Qe7 Ne8 35.Qb4 Ra4 36.Qc5 Nd6
37.Rd1 Nxe4 38.Nxe4 Rxe4 39.Qxb6 cxb6 40.c7 Kg7 41.c8=Q Rd4 42.Ra1 Rd8 43.Qc6 h5
44.gxh5 Qxh5 45.Nd5 Qf5 46.Nxb6 Rd2 47.Qc5 Qh5 48.Re1 Rd1 49.Qe3 f6 50.g3 Rd4
51.Qa3 Qf5 52.Qe7+ Kh6 53.Qf8+ Kg5 54.Qa3 Rd3 55.Qc1+ Kh5 56.Nc4 Qd7 57.Nxe5  1-0

[Event "Sparkassen Open A"]
[Site "Dortmund GER"]
[Date "2010.07.18"]
[Round "2"]
[White "Frombach,R"]
[Black "Virnyi,J"]
[Result "1-0"]
[WhiteElo "2224"]
[BlackElo "2099"]

1.d4 Nf6 2.c4 g6 3.Nf3 Bg7 4.Nc3 O-O 5.e4 d6 6.Be2 e5 7.Be3 Ng4 8.Bg5 f6
9.Bc1 Nc6 10.d5 Ne7 11.h3 Nh6 12.h4 Nf7 13.h5 g5 14.Nd2 h6 15.g4 c6 16.O-O a6
17.Nb3 c5 18.Be3 Bd7 19.Nc1 Qc7 20.Nd3 b5 21.cxb5 axb5 22.a3 Rfb8 23.Qd2 Bf8
24.b4 c4 25.Nb2 Qb7 26.Rfb1 Ra6 27.a4 Rba8 28.Qc1 Nc8 29.axb5 Rxa1 30.Rxa1 Rxa1
31.Qxa1 Bxb5 32.Qa5 Bd7 33.Nxc4 Be7 34.b5 Qb8 35.b6 Nd8 36.Nb5 Nb7 37.Qa6 Bd8
38.Na7 Qa8 39.Na5 Nxa5 40.Qxa5 Kf7 41.Qa6 Qb8 42.Nxc8 Qxc8 43.b7  1-0

[Event "Sparkassen Open A"]
[Site "Dortmund GER"]
[Date "2010.07.18"]
[Round "2"]
[White "Richter,Gera"]
[Black "Beer,M"]
[Result "1-0"]
[WhiteElo "2119"]
[BlackElo "2024"]

1.d4 d6 2.Nf3 Nf6 3.c4 g6 4.Nc3 Bg7 5.e4 O-O 6.Be2 e5 7.Be3 Nc6 8.d5 Ne7
9.Nd2 Ne8 10.c5 f5 11.f3 f4 12.Bf2 h5 13.Nc4 g5 14.h3 Kf7 15.b4 Rh8 16.a4 Ng8
17.a5 Nh6 18.c6 bxc6 19.dxc6 g4 20.hxg4 hxg4 21.b5 gxf3 22.Bxf3 Nf6 23.b6 axb6
24.axb6 Rxa1 25.Qxa1 Nhg4 26.Rxh8 Qxh8 27.Qa7 Qh1+ 28.Ke2 Nh2 29.b7 Nxe4
30.Nxe4 Qf1+ 31.Kd2 Qxc4 32.Nxd6+  1-0

[Event "ZDMI Open"]
[Site "Dresden GER"]
[Date "2010.07.18"]
[Round "9"]
[White "Schloetzer,W"]
[Black "Kovalev,An"]
[Result "0-1"]
[WhiteElo "2282"]
[BlackElo "2521"]

1.d4 Nf6 2.c4 g6 3.Nc3 Bg7 4.e4 d6 5.Nf3 O-O 6.Be2 Nbd7 7.O-O e5 8.Be3 c6
9.d5 c5 10.Nd2 Ne8 11.g4 Bf6 12.Kh1 Bg5 13.Nf3 Bxe3 14.fxe3 h6 15.Rg1 Ndf6
16.h3 h5 17.gxh5 Nxh5 18.Ng5 Nhf6 19.Qe1 Nh7 20.h4 Nxg5 21.Rxg5 Nf6 22.Rg2 Kg7
23.Qg3 Rh8 24.Kg1 Nh5 25.Bxh5 Rxh5 26.Rf1 Qxh4 27.Nb5 Qxg3 28.Rxg3 Bh3 29.Rff3 Rah8
30.Nxd6 f6 31.Nxb7 Bc8 32.Nxc5 Rh1+ 33.Kf2 Rc1 34.Rg2 Rc2+ 35.Kg1 Rc1+ 36.Kf2 Rxc4
37.Nd3 Rxe4 38.Rfg3 g5 39.Kf3 Bf5 40.Rc2 Ra4 41.Rc7+ Kg6 42.Nc1 Rh2  0-1

[Event "Andorra Open"]
[Site "La Massana AND"]
[Date "2010.07.18"]
[Round "2"]
[White "Arizmendi Martinez,J"]
[Black "Muratet Casadevall,A"]
[Result "1-0"]
[WhiteElo "2532"]
[BlackElo "2181"]

1.d4 Nf6 2.c4 g6 3.Nc3 Bg7 4.e4 d6 5.Nf3 O-O 6.Be2 e5 7.Be3 Ng4 8.Bg5 f6
9.Bh4 Nh6 10.dxe5 dxe5 11.Qxd8 Rxd8 12.Nd5 g5 13.Nxc7 gxh4 14.Nxa8 Na6 15.Rd1 Rf8
16.Nxh4 Be6 17.Rd6 Bf7 18.Rxa6 bxa6 19.Nc7 Rb8 20.b3 a5 21.O-O Bf8 22.Nd5 Kg7
23.Rd1 a4 24.Rd3 a5 25.Bd1 axb3 26.axb3 Bxd5 27.Rxd5 Bb4 28.g3 Rb7 29.Kg2 Re7
30.Kf3 Kf7 31.Ke2 Ke8 32.Bc2 Rd7 33.f4 Nf7 34.Nf5 Rc7 35.Ne3 Bc5 36.Ng4 exf4
37.Nxf6+ Ke7 38.Rf5 fxg3 39.Nd5+ Kf8 40.hxg3 Rc6 41.Nf4 Bb4 42.e5 Kg7 43.Be4 Rh6
44.Nh5+ Kh8 45.Bd5 Nd8 46.Rg5 Rg6 47.Rxg6 hxg6 48.Nf4 Kg7 49.Nd3 Be7 50.c5 Nf7
51.c6 Bd8 52.Bxf7 Kxf7 53.Ke3  1-0

[Event "Andorra Open"]
[Site "La Massana AND"]
[Date "2010.07.18"]
[Round "2"]
[White "Kogan,Ar"]
[Black "Morros Faura,R"]
[Result "1-0"]
[WhiteElo "2541"]
[BlackElo "2205"]

1.d4 Nf6 2.c4 g6 3.Nc3 Bg7 4.e4 d6 5.Nf3 O-O 6.Be2 e5 7.Be3 Na6 8.O-O Ng4
9.Bg5 Qe8 10.Re1 exd4 11.Nd5 f6 12.Bf4 Ne5 13.Nxd4 c6 14.Ne3 Nc5 15.Qc2 Ne6
16.Nxe6 Bxe6 17.Rad1 Qe7 18.Bg3 Rad8 19.f4 Nf7 20.Bf3 Rfe8 21.b4 a6 22.Bf2 Nh6
23.c5 dxc5 24.bxc5 Qf7 25.Be2 f5 26.Nc4 fxe4 27.Nd6 Qxf4 28.Bc4 Be5 29.Bg3 Qf6
30.Nxe8 Rxe8 31.Qxe4 Bxc4 32.Qxc4+ Kg7 33.Rd7+ Kh8 34.Rxe5 Rxe5 35.Qd4  1-0

[Event "XIV Battle Of Senta"]
[Site "Senta SRB"]
[Date "2010.07.18"]
[Round "2"]
[White "Mirkovic,St"]
[Black "Manojlovic,Sa"]
[Result "0-1"]
[WhiteElo "2221"]
[BlackElo "2124"]

1.Nf3 Nf6 2.c4 g6 3.Nc3 Bg7 4.e4 d6 5.d4 O-O 6.Be2 Nbd7 7.O-O e5 8.Be3 c6
9.d5 c5 10.Rb1 Ng4 11.Bg5 f6 12.Bc1 Nh6 13.b4 Nf7 14.Nd2 f5 15.bxc5 Nxc5
16.Nb3 b6 17.Nxc5 bxc5 18.Qa4 a6 19.Bd2 Bd7 20.Qa3 Qh4 21.Rb6 Bc8 22.Bf3 f4
23.Na4 Bf6 24.Rfb1 g5 25.Rb8 Rxb8 26.Rxb8 g4 27.Be2 Ng5 28.Qd3 f3 29.Bf1 fxg2
30.Bxg2 Bd8 31.Qg3 Qxg3 32.hxg3 Bc7 33.Rxc8 Rxc8 34.Bxg5 Rb8 35.Bf1 Rb1 36.Kg2 Kf7
37.Bd3 Ra1 38.Bc2 Rxa2 39.Bd1 Ba5 40.Kf1 h5 41.Bh6 Bb4 42.Bg5 Ba3 43.Nb6 Bb2
44.Nc8 Bd4 45.Nxd6+ Kg6 46.Be3 Bxe3 47.fxe3 h4 48.Bxg4 hxg3 49.Bf3 Rf2+ 50.Kg1 Rxf3
51.Nb7 Rf2 52.Nxc5 Kh5 53.Nd3 Rd2 54.Nxe5 a5 55.c5 a4 56.Nc4 Rc2 57.d6 Kh4  0-1

[Event "ch-USA w"]
[Site "St Louis USA"]
[Date "2010.07.18"]
[Round "8"]
[White "Foisor,S"]
[Black "Melekhina,A"]
[Result "0-1"]
[WhiteElo "2317"]
[BlackElo "2265"]

1.d4 Nf6 2.c4 g6 3.Nc3 Bg7 4.e4 d6 5.Nf3 O-O 6.Be2 e5 7.Be3 c6 8.O-O exd4
9.Nxd4 Re8 10.f3 d5 11.cxd5 cxd5 12.Bf2 dxe4 13.Ndb5 Qe7 14.fxe4 Nc6 15.Bg3 Rd8
16.Qe1 Be6 17.Kh1 a6 18.Nc7 Rac8 19.Nxe6 Qxe6 20.Qf2 Rd7 21.Bf3 Ne5 22.Rad1 Nxf3
23.Qxf3 Nh5 24.Bf2 Rxd1 25.Rxd1 Bxc3 26.bxc3 Qxa2 27.Bd4 Qe6 28.g4 Ng7 29.Qf4 Re8
30.Re1 Qc6 31.Bf6 Re6 32.Bd4 Ne8 33.g5 a5 34.Kg1 a4 35.Re3 a3 36.Rf3 Qc7
37.Qh4 Ng7 38.Qh6 Nh5 39.Rh3 a2 40.Rxh5 a1=Q+ 41.Kg2 Qa2+ 42.Kf3 f5 43.gxf6 Rxe4
44.Kxe4 Qe2+ 45.Qe3 Qxe3+  0-1

[Event "1st Open"]
[Site "Vaujany FRA"]
[Date "2010.07.18"]
[Round "9"]
[White "Petkov,V"]
[Black "Vovk,Y"]
[Result "1/2-1/2"]
[WhiteElo "2496"]
[BlackElo "2561"]

1.d4 Nf6 2.c4 g6 3.Nc3 Bg7 4.e4 d6 5.Nf3 O-O 6.Be2 e5 7.Be3 Ng4 8.Bg5 f6
9.Bh4 g5 10.Bg3 Nh6 11.dxe5 dxe5 12.Qd5+ Kh8 13.Qxd8 Rxd8 14.Nd2 Na6 15.O-O-O Bf8
16.Nb3 Be6 17.f3 Nf7 18.Bf2 b6 19.a3 c6 20.Rxd8 Rxd8 21.Rd1 Rc8 22.Kc2 Kg7
23.Nd2 Bc5 24.Bxc5 Nxc5 25.b4 Nb7 26.Nf1 Kf8 27.Ne3 Ke7 28.Rh1 Rd8 29.Rd1 Rd4
30.Bd3 Rd8  1/2-1/2

[Event "Sparkassen Open A"]
[Site "Dortmund GER"]
[Date "2010.07.19"]
[Round "3"]
[White "Bluebaum,M"]
[Black "Sieberg,R"]
[Result "1-0"]
[WhiteElo "2098"]
[BlackElo "1951"]

1.d4 Nf6 2.c4 g6 3.Nc3 Bg7 4.e4 d6 5.Nf3 O-O 6.Be2 Nbd7 7.O-O e5 8.Be3 exd4
9.Nxd4 Nc5 10.f3 a5 11.Qd2 Bd7 12.b3 Ne6 13.Rad1 Nxd4 14.Bxd4 Qe7 15.Rfe1 b6
16.f4 Rad8 17.Bf3 Bg4 18.e5 dxe5 19.fxe5 Qb4 20.exf6 Bxf6 21.Nd5 Bxd4+ 22.Qxd4  1-0